Philadelphia Flyers Roster 24-25 - Statistics

General Stats
  • This quiz has been taken 66 times
    8 since last reset
  • The average score is 13 of 23
Answer Stats
# Players % Correct
39 Matvei Michkov
100%
6 Travis Sanheim
100%
10 Bobby Brink
75%
82 Ivan Fedotov
75%
27 Noah Cates
75%
55 Rasmus Ristolainen
75%
94 Ryan Ellis
75%
33 Samuel Ersson
75%
14 Sean Couturier
75%
11 Travis Konecny
75%
35 Aleksei Kolosov
50%
8 Cam York
50%
5 Egor Zamula
50%
22 Jakob Pelletier
50%
9 Jamie Drysdale
50%
24 Nick Seeler
50%
44 Nicolas Deslauriers
50%
71 Tyson Foerster
50%
19 Garnet Hathaway
25%
23 Karsen Dorwart
25%
74 Owen Tippett
25%
25 Ryan Poehling
25%
68 Devin Kaplan
0%
No matching quizzes found
Score Distribution
Percent of People with Each Score
Percentile by Number Answered
Your Score History
You have not taken this quiz since the last reset